| 000 | 00730nam a2200229 a 4500 | ||
|---|---|---|---|
| 005 | 20240808063842.0 | ||
| 008 | 020821s1997 mx r 000 0 spa d | ||
| 020 | _a9688806943 | ||
| 035 | _aUPN01000118442 | ||
| 049 | _aCG | ||
| 050 | 4 |
_aQA76.9 S8.8 _bK4.28 1997 |
|
| 100 | 1 | _aKendall, Kenneth E. | |
| 245 | 1 | 0 |
_aAnálisis y diseño de sistemas / _cKenneth E. Kendall, Julie E. Kendall ; tr. Sergio María Ruiz Faudon. |
| 250 | _a3a ed. | ||
| 260 |
_aMéxico : _bPearson Educación, _c1997. |
||
| 300 | _axxxvi, 930 p. | ||
| 534 |
_pTraducción de: _tSystems analysis and design |
||
| 650 | 4 |
_aDISEÑO DE SISTEMAS _914395 |
|
| 650 | 4 |
_aANALISIS DE SISTEMAS _96265 |
|
| 700 | 1 |
_aKendall, Julie E., _ecoaut. |
|
| 905 | _aLibro | ||
| 999 |
_c90817 _d90817 |
||